000 02185nam a22002297a 4500
003 UA-OsUOA
005 20210514120125.0
008 20111214b un ||||| |||| 00| 0 ukr d
020 _a9789662378078
040 _aUA-OsUOA
_bukr
_cUA-OsUOA
_dUA-OsUOA
041 _aukr
080 _a82-94
090 _a82-94
_bЛ19
100 _aЛакизюк В.
245 _aПолонез над вічністю
_bроман-хроніка
_cВіктор Лакизюк
260 _aКиїв
_bВидавець Сергій Наливайко
_c2010
300 _a488 с.
520 _aЦе перша книга ґрунтовного дослідження на порубіжжі багатьох наук: історії, мово-, літературо- та архівознавства, етнології, генеалогії та культурології. Залучивши унікальні джерела зарубіжних архівів, автор спростовує немало хибних тверджень істориків про минуле України, життя найвідоміших постатей Російської імперії у часі XVIII - XIX століть. Робота автора - суто документальна, з використанням першоджерел та описом реальних подій. З глибини століть вона повертає до нас образи й реалії, що нині оповиті таємницею, а то й спотворені неправдою, почасти хворобливою уявою та фальшю. Книга є спробою витіснення облуди та лицемірства при вивченні нашої минувшини, зняття привнесеної ззовні та примноженої місцевими манкуртами омани про неспроможність народу України сотворити свою Державу на Богом даній землі.
650 7 _a82 Література. Літературознавство
_2UDC
942 _cBK
_2udc
955 _a3
999 _c366841
_d366841